000 00604 a2200181 4500
020 _a0534372813
040 _aDLC
082 0 0 _a519.5
100 1 _aDevore, Jay L.
245 1 0 _aProbability and statistics for engineering and the sciences
_cJay L. Devore.
250 _a5th ed.
260 _aPacific Grove, CA :
_bDuxbury
_cc2000.
300 _axvi, 775 p. :
_bill. ;
_c25 cm. +
_e1 computer optical disc (4 3/4 in.)
538 _aSystem requirements for accompanying computer disc: Windows 95 or later.
650 0 _aProbabilities.
650 0 _aMathematical statistics.
942 _cBK
_k519.5 DEV
_2ddc
999 _c7740
_d7740